[Event "Nakhon Nayok op 2nd"]
[Site "Nakhon Nayok"]
[Date "2024.04.08"]
[Round "6"]
[White "McCready, Mark John"]
[Black "Frost, Peter"]
[Result "1/2-1/2"]
[WhiteElo "1870"]
[BlackElo "1785"]
[PlyCount "117"]
[EventDate "2024.04.05"]
[EventType "swiss"]
[EventRounds "9"]
[EventCountry "THA"]
[SourceTitle "EXT 2025"]
[Source "ChessBase"]
[SourceDate "2024.10.14"]
[SourceVersion "1"]
[SourceVersionDate "2024.10.14"]
[SourceQuality "1"]

1. e4 g6 2. Nc3 Bg7 3. f4 c6 4. Nf3 d5 5. e5 h5 6. d4 Nh6 7. Bd3 Bf5 8. Qe2 e6 9. Be3 Nd7 10. 0-0-0 b5 11. g3 Qa5 12. Bd2 b4 13. Nb1 Qb6 14. h3 a5 15. Qf2 Bxd3 16. cxd3 Rc8 17. Be3 Nf5 18. g4 Nxe3 19. Qxe3 c5 20. Kd2 cxd4 21. Qxd4 f6 22. Qxb6 Nxb6 23. Rc1 Rxc1 24. Rxc1 hxg4 25. hxg4 Kd7 26. Rc5 fxe5 27. Rxa5 e4 28. Ra7+ Ke8 29. Rxg7 exf3 30. Rxg6 Kf7 31. f5 exf5 32. gxf5 Rh1 33. Ke3 Rxb1 34. Rxb6 Rxb2 35. Kxf3 Rxa2 36. Rxb4 Ra3 37. Rd4 Ra5 38. Kf4 Kf6 39. Rb4 Ra6 40. Rb5 Ra4+ 41. Ke3 Kxf5 42. Rxd5+ Ke6 43. Rh5 Kd6 44. d4 Ra1 45. Kd2 Ra3 46. Rc5 Rh3 47. Kc2 Rg3 48. Rc3 Rxc3+ 49. Kxc3 Kd5 50. Kd3 Kd6 51. Ke4 Ke6 52. d5+ Kd6 53. Kd4 Kd7 54. Ke5 Ke7 55. d6+ Kd7 56. Kd5 Kd8 57. Ke6 Ke8 58. d7+ Kd8 59. Kd6 1/2-1/2

[Event "Nakhon Nayok op 2nd"]
[Site "Nakhon Nayok"]
[Date "2024.04.08"]
[Round "7"]
[White "Mithun, Pranav"]
[Black "McCready, Mark John"]
[Result "0-1"]
[WhiteElo "1567"]
[BlackElo "1870"]
[PlyCount "82"]
[EventDate "2024.04.05"]
[EventType "swiss"]
[EventRounds "9"]
[EventCountry "THA"]
[SourceTitle "EXT 2025"]
[Source "ChessBase"]
[SourceDate "2024.10.14"]
[SourceVersion "1"]
[SourceVersionDate "2024.10.14"]
[SourceQuality "1"]

1. e4 c5 2. Nf3 e6 3. d4 cxd4 4. Nxd4 a6 5. Nc3 Qc7 6. Be2 Nf6 7. a3 b5 8. Bg5 Be7 9. 0-0 Bb7 10. Bd3 0-0 11. Kh1 d5 12. exd5 Nxd5 13. Nxd5 Bxd5 14. Bxe7 Qxe7 15. Qh5 g6 16. Qg4 Nd7 17. Rfe1 Nc5 18. Qg3 Nxd3 19. Qxd3 Rfd8 20. c3 Qc7 21. Qh3 Rab8 22. Rad1 a5 23. Nf3 b4 24. axb4 axb4 25. Rc1 bxc3 26. bxc3 Rb2 27. Kg1 Ra8 28. Ng5 h5 29. c4 Bc6 30. Ne4 Raa2 31. Nf6+ Kf8 32. Qe3 Kg7 33. Qd4 e5 34. Rxe5 Rd2 35. Qc5 Kxf6 36. Re3 Qd6 37. Qb6 Rd1+ 38. Re1 Rdd2 39. Re3 Rxf2 40. Rb1 Rxg2+ 41. Kf1 Raf2+ 0-1

[Event "IECC O-3849"]
[Site "IECC email"]
[Date "2014.03.02"]
[Round "?"]
[White "McCready, Mark John"]
[Black "Chabert, Paul"]
[Result "1/2-1/2"]
[WhiteElo "1629"]
[BlackElo "1764"]
[PlyCount "72"]
[EventDate "2014.??.??"]
[EventType "swiss (corr)"]
[EventRounds "2"]
[SourceTitle "Corr 2020"]
[Source "ChessBase"]
[SourceDate "2019.09.30"]
[SourceVersion "1"]
[SourceVersionDate "2019.09.30"]
[SourceQuality "1"]
[WhiteTeam "England"]
[BlackTeam "England"]
[WhiteTeamCountry "ENG"]
[BlackTeamCountry "ENG"]

1. e4 e5 2. Nf3 Nc6 3. Nc3 Nf6 4. d4 exd4 5. Nxd4 Bb4 6. Nxc6 bxc6 7. Bd3 0-0 8. 0-0 d5 9. exd5 cxd5 10. Bg5 c6 11. Qf3 Bd6 12. Rfe1 Rb8 13. Rab1 h6 14. Bxf6 Qxf6 15. Qxf6 gxf6 16. Ne2 c5 17. Ng3 c4 18. Bf5 Bxg3 19. Bxc8 Bxh2+ 20. Kxh2 Rfxc8 21. Re7 Re8 22. Rxa7 Re2 23. Rd7 Rxc2 24. Rxd5 Rxf2 25. b4 Ra8 26. Rc5 Raxa2 27. Rxc4 Rxg2+ 28. Kh3 Rgb2 29. Rg1+ Kh8 30. Rcg4 Ra3+ 31. R1g3 Rxg3+ 32. Kxg3 f5 33. Rf4 Rb3+ 34. Kh4 Kg7 35. Rxf5 Rxb4+ 36. Kh5 Rb2 1/2-1/2

[Event "IECC O-3570"]
[Site "IECC email"]
[Date "2013.01.13"]
[Round "?"]
[White "Walsh, Kevin"]
[Black "McCready, Mark John"]
[Result "1-0"]
[WhiteElo "1650"]
[BlackElo "1679"]
[PlyCount "79"]
[EventDate "2013.??.??"]
[EventType "swiss (corr)"]
[EventRounds "2"]
[SourceTitle "Telechess CBM 165"]
[Source "ChessBase"]
[SourceDate "2015.03.11"]
[SourceVersion "1"]
[SourceVersionDate "2015.03.11"]
[SourceQuality "1"]
[WhiteTeam "Ireland"]
[BlackTeam "England"]
[WhiteTeamCountry "IRL"]
[BlackTeamCountry "ENG"]

1. d4 e6 2. Nc3 f5 3. e4 fxe4 4. Nxe4 Nf6 5. Nxf6+ Qxf6 6. Nf3 Nc6 7. Bg5 Qf7 8. Bd3 b6 9. c3 Bb7 10. Qc2 g6 11. 0-0-0 Be7 12. Bh6 0-0-0 13. Rhe1 Rhe8 14. Ng5 Bxg5+ 15. Bxg5 Ne7 16. f3 Kb8 17. Qd2 Rc8 18. Qf4 Qxf4+ 19. Bxf4 Ng8 20. Re2 Nf6 21. Rde1 Rf8 22. Bg5 Nh5 23. Be4 Nf4 24. Bxf4 Rxf4 25. Bxb7 Kxb7 26. d5 exd5 27. Re7 Rh4 28. h3 d4 29. Rxd7 dxc3 30. bxc3 Kc6 31. Rg7 Rc4 32. Kc2 Kb5 33. Rxh7 Ka4 34. Rg7 Ka3 35. Rxg6 Kxa2 36. Rg5 c6 37. Rg7 a5 38. Rd7 Rg8 39. g4 Rf8 40. Rdd1 1-0

[Event "IECC CL3-2012.01 email"]
[Site "IECC email"]
[Date "2012.01.19"]
[Round "?"]
[White "Rodrigues, Paulo Odonel"]
[Black "McCready, Mark John"]
[Result "1-0"]
[WhiteElo "1806"]
[BlackElo "1683"]
[PlyCount "41"]
[EventDate "2012.??.??"]
[EventType "tourn (corr)"]
[EventRounds "4"]
[SourceTitle "Telechess CBM 165"]
[Source "ChessBase"]
[SourceDate "2015.03.11"]
[SourceVersion "1"]
[SourceVersionDate "2015.03.11"]
[SourceQuality "1"]
[WhiteTeam "Brazil"]
[BlackTeam "England"]
[WhiteTeamCountry "BRA"]
[BlackTeamCountry "ENG"]

1. d4 e6 2. c4 f5 3. Nc3 Nf6 4. Nf3 Bb4 5. Qc2 0-0 6. g3 Bxc3+ 7. Qxc3 d6 8. Bg2 Nbd7 9. 0-0 Ne4 10. Qc2 Qe8 11. Ng5 Nxg5 12. Bxg5 e5 13. dxe5 Nxe5 14. Rad1 Qh5 15. Bf4 Ng4 16. h3 Nf6 17. c5 dxc5 18. Bxc7 f4 19. g4 Bxg4 20. hxg4 Nxg4 21. Qc4+ 1-0